Sports Quiz

Random Sports or Basketball Quiz

NBA - Head Coaches of the 1980's Quiz Stats

Quiz not verified by Sporcle

Challenge
Share
Tweet
Embed
Score 0/0 Timer 00:00
0 Plays Today
Answer % Correct
Pat Riley
96.5%
Phil Jackson
93.4%
K.C. Jones
92.9%
Stu Jackson
92.9%
Chuck Daly
89.9%
Chuck Daly
89.9%
Hubie Brown
89.4%
Hubie Brown
89.4%
Larry Brown
88.9%
Larry Brown
88.9%
Lenny Wilkens
86.4%
Lenny Wilkens
86.4%
Jerry Sloan
84.8%
Don Nelson
84.8%
Don Nelson
84.8%
Jerry Sloan
84.8%
Doug Collins
80.3%
Bill Fitch
77.8%
Bill Fitch
77.8%
Bill Fitch
77.8%
Billy Cunningham
76.3%
Mike Fratello
74.2%
Paul Westhead
70.2%
Paul Westhead
70.2%
Phil Johnson
64.6%
Doug Moe
64.6%
Phil Johnson
64.6%
Cotton Fitzsimmons
64.1%
Cotton Fitzsimmons
64.1%
Cotton Fitzsimmons
64.1%
Rick Adelman
62.6%
Bob Hill
61.6%
Dick Motta
60.6%
Answer % Correct
Dick Motta
60.6%
Frank Layden
60.6%
Jack Ramsay
59.6%
Jack Ramsay
59.6%
George Karl
54.5%
George Karl
54.5%
Bill Russell
50.5%
Wes Unseld
49%
Rick Pitino
47.5%
Del Harris
46%
Del Harris
46%
Paul Silas
44.4%
Al Attles
43.4%
Kevin Loughery
42.9%
Kevin Loughery
42.9%
Kevin Loughery
42.9%
Gene Shue
42.9%
Gene Shue
42.9%
Kevin Loughery
42.9%
Jimmy Rodgers
41.9%
Don Chaney
37.9%
Don Chaney
37.9%
Ron Rothstein
37.9%
Stan Albeck
35.9%
Stan Albeck
35.9%
John MacLeod
35.9%
Bernie Bickerstaff
35.9%
John MacLeod
35.9%
Stan Albeck
35.9%
Red Holzman
33.8%
Willis Reed
32.8%
Bill Musselman
32.8%
Bill Musselman
32.8%
Answer % Correct
Jim Lynam
31.3%
Jim Lynam
31.3%
Scotty Robertson
29.3%
Matt Guokas
29.3%
Matt Guokas
29.3%
Dick Versace
27.8%
Mike Schuler
24.2%
Jack McKinney
21.7%
Jack McKinney
21.7%
Bob Weiss
19.2%
Tom Nissalke
17.7%
Tom Nissalke
17.7%
Richie Adubato
17.2%
Dick Harter
15.2%
Dick Van Arsdale
14.6%
Gene Littles
14.1%
Jerry Reynolds
13.1%
Bob Bass
12.6%
Dave Wohl
11.6%
Mel Daniels
11.6%
George Irvine
10.6%
Johnny Bach
10.1%
Don Casey
10.1%
Rod Thorn
7.6%
Ed Gregory
7.6%
Donnie Walsh
7.1%
John Wetzel
6.1%
Bob Kloppenburg
5.6%
Bob MacKinnon
5.1%
Bill Blair
5.1%
Don Delaney
5.1%
Morris McHone
4%
Gene Litlles
1.5%

You're not logged in!

Compare scores with friends on all Sporcle quizzes.
Sign Up with Email
OR
Log In

You Might Also Like...

Show Comments

Extras

Top Quizzes Today


Score Distribution

Your Account Isn't Verified!

In order to create a playlist on Sporcle, you need to verify the email address you used during registration. Go to your Sporcle Settings to finish the process.

Report this User

Report this user for behavior that violates our Community Guidelines.

Details: